|
|
|
|
| LEADER |
00000nab a2200000 a 4500 |
| 001 |
vtls000875961 |
| 003 |
SK-MaSNL |
| 005 |
20260426071331.0 |
| 008 |
180206c xo 0 slo |
| 015 |
|
|
|a SNBRB2004/06-18441
|
| 035 |
|
|
|a CLN000227513
|
| 040 |
|
|
|a SNKBUCL
|b slo
|c SNKBUCL
|e AACR2
|
| 041 |
0 |
|
|a slo
|
| 044 |
|
|
|a xo
|c SK
|
| 080 |
|
|
|a 364.466(=214.58)(437.6)
|2 UDC-MRF-SK2
|
| 080 |
|
|
|a 316.022.4(=214.58)(437.6)
|2 UDC-MRF-SK2
|
| 245 |
0 |
0 |
|a Vaš amenge - pre nás
|b grantový program NOS-OSF na podporu mimovládnych neziskových organizácií ...
|
| 610 |
2 |
7 |
|a Nadácia otvorenej spoločnosti
|x Rómovia
|2 snkbucl
|9 860686
|
| 650 |
0 |
7 |
|a Rómovia
|z Slovensko
|x programy grantové
|2 snkbucl
|9 1325927
|
| 650 |
0 |
7 |
|a romiká
|2 SNKPH
|9 72855
|
| 650 |
0 |
7 |
|a mimovládne organizácie
|2 SNKPH
|9 194400
|
| 650 |
0 |
7 |
|a grantové programy
|2 SNKPH
|9 5002
|
| 651 |
|
7 |
|a Slovensko
|2 SNKPHgeo
|9 14231
|
| 655 |
|
7 |
|a články z novín a časopisov
|2 SNK
|9 267496
|
| 773 |
0 |
|
|t Romano ľil nevo
|g Roč. 11, č. 503(449)-508(454) (2001), s. 19-20
|
| 850 |
|
|
|a Slovenská národná knižnica v Martine
|
| 852 |
|
|
|a SNK
|b KIS3GCP
|
| 958 |
|
|
|a RBX
|
| 999 |
|
|
|c 2677521
|d 2679451
|